| 000 | 00717nam a2200241Ia 4500 | ||
|---|---|---|---|
| 003 | OSt | ||
| 005 | 20220923225413.0 | ||
| 006 | a|||||r|||| 00| 0 | ||
| 007 | ta | ||
| 008 | 220922b |||||||| |||| 00| 0 san d | ||
| 024 | _a266,190 | ||
| 037 | _cTextual | ||
| 040 |
_aARTS _cARTS _bsan |
||
| 041 |
_2san _asan |
||
| 082 | _aR631x2,1, 15P7 | ||
| 100 | _aशर्मा, प्रमोद कुमार, संपा. | ||
| 245 | 0 | _aसांख्यकारिका | |
| 246 | _aSāankhyakārikā | ||
| 260 | _c2007 | ||
| 300 |
_a254पृ0 _ccm. |
||
| 942 |
_hR631x2,1, 15P7 _cTEXL _2CC |
||
| 999 |
_c378002 _d378002 |
||